| 000 | 00861cab a22001935a 4500 | ||
|---|---|---|---|
| 001 | L144509 | ||
| 008 | 080723s2008 xxk f 000 0 eng d | ||
| 035 | _a(Sirsi) u144509 | ||
| 041 | 0 | _aeng | |
| 100 | 1 | _aGabrielle, Michelle | |
| 245 | 0 | 4 |
_aThe post-social turn _bchallenges for housing research |
| 260 | _c2008 | ||
| 490 |
_aHousing Studies _v(23)4 July 2008, 527-540(14) |
||
| 520 | _aArgues that new developments in cultural geography the 'post-social turn' have gone largely unnoticed by housing researchers and is yet to be addressed. In view of this gap, the paper reviews recent developments in post-social theory with a specific focus on the implications of this approach for housing studies. | ||
| 651 | 4 | _aInternational | |
| 690 | _aPROPERTY-RESIDENTIAL PROPERTY-DOMESTIC RESIDENTIAL PROPERTY-HOUSING | ||
| 700 | 1 | _aJacobs, Keith | |
| 942 | _n0 | ||
| 999 |
_c80504 _d80504 |
||